अधिगम का मनो-सामाजिक आधार एवं शिक्षण (Record no. 1123)
[ view plain ]
| 000 -LEADER | |
|---|---|
| fixed length control field | 01417 a2200265 4500 |
| 005 - DATE AND TIME OF LATEST TRANSACTION | |
| control field | 20080904124513.0 |
| 008 - FIXED-LENGTH DATA ELEMENTS--GENERAL INFORMATION | |
| fixed length control field | 080904t xxu||||| |||| 00| 0 hin d |
| 010 ## - LIBRARY OF CONGRESS CONTROL NUMBER | |
| LC control number | HIN-79016 |
| 020 ## - INTERNATIONAL STANDARD BOOK NUMBER | |
| Terms of availability | 400.00 |
| 035 ## - SYSTEM CONTROL NUMBER | |
| System control number | HN-51363 |
| 037 ## - SOURCE OF ACQUISITION | |
| Source of stock number/acquisition | D.B.Act / ven |
| 082 ## - DEWEY DECIMAL CLASSIFICATION NUMBER | |
| Classification number | 370.15 |
| 100 ## - MAIN ENTRY--PERSONAL NAME | |
| Personal name | पाराशर, मधु |
| 245 ## - TITLE STATEMENT | |
| Title | अधिगम का मनो-सामाजिक आधार एवं शिक्षण |
| Statement of responsibility, etc | मधु पाराशर |
| 246 ## - VARYING FORM OF TITLE | |
| Title proper/short title | Adhiniam ka mano-samajic adhar avam shikshan |
| Remainder of title | Madhu Prashar |
| 260 ## - PUBLICATION, DISTRIBUTION, ETC. (IMPRINT) | |
| Place of publication, distribution, etc | जयपुर |
| Name of publisher, distributor, etc | स्वाति पब्लिकेशन्स |
| Date of publication, distribution, etc | 2006 |
| 260 ## - PUBLICATION, DISTRIBUTION, ETC. (IMPRINT) | |
| Place of publication, distribution, etc | जयपुर (वितरक) अनु प्रकाशन |
| 270 ## - ADDRESS | |
| Address | पालीवालों की गली,चौड़ा रास्ता |
| City | जयपुर |
| Telephone number | 2318590, 2310230 |
| 270 ## - ADDRESS | |
| Address | 958, धामाणी मार्केट की गली, चौड़ा रास्ता |
| 300 ## - PHYSICAL DESCRIPTION | |
| Extent | 364पृ |
| Dimensions | 22 सेमी (सजिल्द) |
| 700 ## - ADDED ENTRY--PERSONAL NAME | |
| Personal name | त्यागी, एम.पी.सिंह |
| 700 ## - ADDED ENTRY--PERSONAL NAME | |
| Personal name | शर्मा, सोमदत्त |
| 942 ## - ADDED ENTRY ELEMENTS (KOHA) | |
| Institution code [OBSOLETE] | dpl |
| Koha item type | Hindi Books |
| Call number prefix | 370.15 / पाराश |
| Source of classification or shelving scheme | Dewey Decimal Classification |
| Classification part | 370.15 |
| Call number suffix | पाराश |
| Withdrawn status | Lost status | Damaged status | Not for loan | Collection code | Home library | Current library | Date acquired | Cost, normal purchase price | Total Checkouts | Full call number | Barcode | Date last seen | Copy number | Uniform Resource Identifier | Cost, replacement price | Price effective from | Koha item type |
|---|---|---|---|---|---|---|---|---|---|---|---|---|---|---|---|---|---|
| Not For Loan | Non-fiction | D.B.Act.Division | D.B.Act.Division | 04/09/2008 | 400.00 | 370.15 पाराश | HN-51363 | 15/09/2008 | 1 | 1188 | 400.00 | 15/09/2008 | Hindi Books |
